Tout les Grand Prix de Formule 1 depuis 1950 - Statistiques

Statistiques générales
  • Ce quiz a été pris 139 fois
  • Le résultat moyen est 22 sur 51
Statistiques - réponses
Par images Réponse % Correct
Grand Prix de Monaco
96%
Grand Prix d'Italie
86%
Grand Prix d'Espagne
81%
Grand Prix du Japon
79%
Grand Prix de Belgique
78%
Grand Prix d'Autriche
73%
Grand Prix de France
70%
Grand Prix de Hongrie
70%
Grand Prix du Canada
70%
Grand Prix du Brésil
67%
Grand Prix de Grande-Bretagne
64%
Grand Prix du Qatar
63%
Grand Prix d'Allemagne
62%
Grand Prix de Las Vegas
60%
Grand Prix d'Arabie Saoudite
58%
Grand Prix d'Australie
58%
Grand Prix de Bahreïn
58%
Grand Prix de Chine
57%
Grand Prix de Singapour
57%
Grand Prix des Pays-Bas
57%
Grand Prix d'Azerbaïdjan
56%
Grand Prix des Etats-Unis
53%
Grand Prix de Russie
52%
Grand Prix de Malaisie
47%
Grand Prix du Mexique
46%
Grand Prix d'Europe (Nürburgring)
45%
Grand Prix du Portugal
45%
Grand Prix des Etats-Unis Est
44%
500 miles d'Indianapolis
43%
Grand Prix d'Abou Dabi
43%
Grand Prix d'Emilie Romagne
43%
Grand Prix de Miami
40%
Grand Prix de Turquie
37%
Grand Prix de l'Eifel
32%
Grand Prix d'Europe (Jerez)
29%
Grand Prix d'Europe (Brands Hatch)
27%
Grand Prix de Toscane
20%
Grand Prix de Pescara
19%
Grand Prix d'Europe (Donington Park)
19%
Grand Prix d'Inde
19%
Grand Prix de Corée du Sud
18%
Grand Prix du Maroc
18%
Grand Prix de Suisse
16%
Grand Prix d'Afrique du Sud
14%
Grand Prix d'Europe (Valence)
13%
Grand Prix d'Argentine
12%
Grand Prix des Etats-Unis Ouest
12%
Grand Prix de Suède
7%
Grand Prix du Luxembourg
7%
Grand Prix du Pacifique
3%
Grand Prix de Dallas
1%
Aucun quiz correspondant
Distribution des résultats
% des personnes avec chaque résultat
Percentile par nombre de réponses
Votre historique - résultats
Vous n’avez pas pris ce quiz